000 00306nam a2200109Ia 4500
008 220216s9999 xx 000 0 und d
100 _aHaridasan V
245 0 _aUtilisation of rubber wood in India
260 _bInternational Rubber Conference India 1980
_c1980
700 _aKrishnankutty P N
942 _cJS
999 _c72018
_d72018